Спайнолепестные двудольные сосудистые растения (Запись № 13704729)

Подробности
000 -МАРКЕР
контрольное поле 01757nam2a2200325 4500
001 - ИДЕНТИФИКАТОР ЗАПИСИ
контрольное поле RU\NLR\BIBL_A\022804060
005 - ИДЕНТИФИКАТОР ВЕРСИИ
контрольное поле 20260623132223.0
010 ## - МЕЖДУНАРОДНЫЙ СТАНДАРТНЫЙ НОМЕР КНИГИ (ISBN)
Номер (ISBN) 978-5-908015-40-0
Уточнения т. 3, ч. 2
Тираж 300
035 ## - ДРУГИЕ СИСТЕМНЫЕ НОМЕРА
Идентификатор записи (NLR Aleph) 022804060
100 ## - ДАННЫЕ ОБЩЕЙ ОБРАБОТКИ
Данные общей обработки 20260512d2026 k y0rusy50 ca
101 0# - ЯЗЫК РЕСУРСА
Язык текста, звукозаписи и т.д. русский
102 ## - СТРАНА ПУБЛИКАЦИИ ИЛИ ПРОИЗВОДСТВА
Страна публикации Российская Федерация
105 ## - ПОЛЕ КОДИРОВАННЫХ ДАННЫХ: ТЕКСТОВЫЕ МАТЕРИАЛЫ, МОНОГРАФИЧЕСКИЕ
Кодированные данные о монографическом текстовом документе ac z 001yy
200 1# - ЗАГЛАВИЕ И СВЕДЕНИЯ ОБ ОТВЕТСТВЕННОСТИ
Основное заглавие Спайнолепестные двудольные сосудистые растения
Обозначение и номер части Ч. 2
Наименование части Asteraceae. Дополнения к предыдущим томам
Первые сведения об ответственности Ю. Е. Алексеева, П. Г. Ефимов, М. С. Игнатов [и др.]
Последующие сведения об ответственности под общей редакцией Н. М. Решетниковой, Н. Ю. Степановой
-- Главный ботанический сад им. Н. В. Цицина РАН
210 ## - ПУБЛИКАЦИЯ, РАСПРОСТРАНЕНИЕ И ДР.
Дата издания, распространения и т.д. 2026
215 ## - ФИЗИЧЕСКАЯ ХАРАКТЕРИСТИКА
Специфическое обозначение материала и объем 523 с., [1] л. портр.
Другие сведения о физической характеристике ил.
225 1# - СЕРИЯ
Основное заглавие серии ...
Обозначение тома вып. 15
300 ## - ОБЩИЕ ПРИМЕЧАНИЯ
Текст примечания Авт. указаны на обороте тит. с.
320 ## - ПРИМЕЧАНИЯ О НАЛИЧИИ В ДОКУМЕНТЕ БИБЛИОГРАФИИ / УКАЗАТЕЛЯ
Текст примечания Библиогр.: с. 468-489
320 ## - ПРИМЕЧАНИЯ О НАЛИЧИИ В ДОКУМЕНТЕ БИБЛИОГРАФИИ / УКАЗАТЕЛЯ
Текст примечания Алф. указатели назв. растений: латин., рус.: с. 490-520
461 #0 - УРОВЕНЬ НАБОРА
Встроенное поле 001RU\NLR\bibl\1074083
-- 2001#$aФлора Нижнего Поволжья$f[Алексеев Ю.Е., Клинкова Г.Ю., Лактионов А.П. и др.$gпод общ. ред. проф. А.К. Скворцова]$gГл. ботан. сад РАН$vТ. 3
606 1# - НАИМЕНОВАНИЕ ТЕМЫ КАК ПРЕДМЕТ
Наименование темы Сосудистые растения
Географический подзаголовок Поволжье Нижнее
Код системы nlr_sh2
Идентификатор авторитетной/нормативной записи RU\NLR\AUTH\66452111
606 1# - НАИМЕНОВАНИЕ ТЕМЫ КАК ПРЕДМЕТ
Наименование темы Астровые
Код системы nlr_sh1
-- nlr_sh2
Идентификатор авторитетной/нормативной записи RU\NLR\AUTH\66155551
686 1# - ИНДЕКСЫ ДРУГИХ КЛАССИФИКАЦИЙ
Индекс Е592.72Com
686 1# - ИНДЕКСЫ ДРУГИХ КЛАССИФИКАЦИЙ
Индекс Е592(2Р354,3)
942 ## - ДОПОЛНИТЕЛЬНЫЕ ЭЛЕМЕНТЫ ЗАПИСИ (АБИС)
Тип экземпляра АБИС Книга
980 ## - КОЛЛЕКЦИЯ
Название коллекции Национальная библиография

Нет доступных экземпляров.